| 000 | 00422 a2200169 4500 | ||
|---|---|---|---|
| 999 |
_c313933 _d313933 |
||
| 001 | 78860 | ||
| 003 | NUST | ||
| 005 | 20180119190650.0 | ||
| 008 | 180119b xxu||||| |||| 00| 0 eng d | ||
| 020 | _a9699050004 | ||
| 082 | _a341.0265491 MOF | ||
| 100 |
_aMinistry of Foreign Affair _99124 |
||
| 245 |
_aPakistan treaty Series 1981-1987 Vol-VI _hEnglish |
||
| 250 | _a1 | ||
| 260 |
_aIslamabad _bMOF _c2008 |
||
| 300 | _a603 | ||
| 500 | _aGeneral Books | ||
| 505 | _aGifted Books | ||
| 942 |
_aCAE NUST _cBK _k341.0265491 MOF _2ddc |
||